| 000 | 01410 a2200217 4500 | ||
|---|---|---|---|
| 001 | 25206 | ||
| 005 | 20260407155535.0 | ||
| 008 | 260407a1963 arg spa d | ||
| 003 | AR-UNSa-BCEJYS | ||
| 040 |
_aAR-UNSa-BCEJYS _bspa _cAR-UNSa-BCEJYS |
||
| 080 |
_a519.2 _xProbabilidades y estadística matemática |
||
| 245 | 1 | 0 | _aLa empresa y la estadística |
| 264 | 1 |
_aMadrid : _bEdiciones Rialp _c1963 |
|
| 300 |
_a2 v. (401; 277 p.) _c25 cm. |
||
| 505 | _aTomo I : 1. La observación de fenómenos y la explotación de los datos obtenidos - 2. Presentación de los resultados - 3. La interpretación de los resultados - 4. Organización y documentación estadística - 5. Producción y comercio - 6. Precios - 7. Estadística de la población activa; de la duración del trabajo, del número de trabajadores, del paro y de los salarios - 8. Estad´sitica financieras, bancarias y bursátiles - 9. Contabilidad nacional -- Tomo II : 1. La estadística y la empresa - 2. El tablero de instrumentos. Los coeficientes - 3. El control de calidad - 4. La investigación operativa - 5. Estudio de mercado - 6. La coyuntura - 7. Estadística y contabilidad - 8. Organización de un servicio de estadística de empresa - 9. Estudio de casos particulares. | ||
| 942 | _cBK | ||
| 590 | _aniveau_biblio:m niveau_hierar:0 | ||
| 100 | 1 | _aDumas, Raymond | |
| 700 | 1 | _aCoo, Manuel de | |
| 700 | 1 | _aCarrascal, José María | |
| 999 |
_c1315 _d1315 |
||